Shaikshik prajuktibidya (Minor5) (Record no. 12251)

MARC details
000 -LEADER
fixed length control field 00579nam a22002057a 4500
005 - DATE AND TIME OF LATEST TRANSACTION
control field 20250910070741.0
008 - FIXED-LENGTH DATA ELEMENTS--GENERAL INFORMATION
fixed length control field 250910b |||||||| |||| 00| 0 eng d
020 ## - INTERNATIONAL STANDARD BOOK NUMBER
International Standard Book Number 9788198823809
040 ## - CATALOGING SOURCE
Original cataloging agency IN-DiNC
Transcribing agency IN-DiNC
041 ## - LANGUAGE CODE
Language code of sung or spoken text Assamese
082 ## - DEWEY DECIMAL CLASSIFICATION NUMBER
Classification number 371.33
Item number SAI
100 ## - MAIN ENTRY--PERSONAL NAME
Personal name Saikia, Tarun
Relator term Author
245 ## - TITLE STATEMENT
Title Shaikshik prajuktibidya (Minor5)
Statement of responsibility, etc. by Tarun Saikia and Runu Bora Saikia
250 ## - EDITION STATEMENT
Edition statement 1st ed.
260 ## - PUBLICATION, DISTRIBUTION, ETC.
Place of publication, distribution, etc. Jorhat:
Name of publisher, distributor, etc. Bidya bhawan,
Date of publication, distribution, etc. 2025.
300 ## - PHYSICAL DESCRIPTION
Extent 360p.
650 ## - SUBJECT ADDED ENTRY--TOPICAL TERM
Topical term or geographic name entry element Educational technology (Minor5)
700 ## - ADDED ENTRY--PERSONAL NAME
Personal name Saikia, Runu Bora
Relator term Author
942 ## - ADDED ENTRY ELEMENTS (KOHA)
Source of classification or shelving scheme Dewey Decimal Classification
Koha item type Books
Holdings
Withdrawn status Lost status Source of classification or shelving scheme Damaged status Not for loan Collection code Home library Current library Shelving location Date acquired Cost, normal purchase price Total Checkouts Full call number Barcode Date last seen Date last checked out Copy number Price effective from Koha item type
    Dewey Decimal Classification     Education Naharkatiya College Library Naharkatiya College Library General Stacks 10/09/2025 300.00 3 371.33 SAI 30901 10/03/2026 25/02/2026 1 10/09/2025 Books
    Dewey Decimal Classification     Education Naharkatiya College Library Naharkatiya College Library General Stacks 10/09/2025 300.00 3 371.33 SAI 30902 19/01/2026 06/12/2025 2 10/09/2025 Books
    Dewey Decimal Classification     Education Naharkatiya College Library Naharkatiya College Library General Stacks 10/09/2025 300.00 3 371.33 SAI 30903 07/04/2026 19/03/2026 3 10/09/2025 Books

Naharkatiya College © 2020. All rights reserved.

Powered By